000 00933cab a2200229 4500
001 X93311
008 090401t1998 xxu||||| |||| 00| 0 eng d
035 _a(Sirsi) u87881
041 _aeng
245 _aSevice charges
260 _c1998
350 _a0
490 _aEstates Gazette
_v[1998] egcs 124 (31/7/98)
520 _a"Filross Securities Ltd v Midgeley", CA 21 July 1998. Plaintiff claiming service charges - Defendant issuing counterclaim for negligently executed repairs - PLaintiff`s claim struck out - PLaintiff issuing defence to counterclaim claiming to set-off unpaid service charges - whether equitable set-off - whether time-barred - Appeal allowed. HEADNOTE FROM JOURNAL.
650 _aFILROSS SECURITIES LTD V MIDGELEY
650 _aREPAIRS
650 _aSERVICE CHARGES
650 _aTIME-BARRED
690 _aLANDLORD AND TENANT-CASE LAW-RESIDENTIAL TENANCIES
942 _n0
948 _c06/08/1998
999 _c55467
_d55467